Star Wars Trivia - Statistics

General Stats
  • This quiz has been taken 406 times
  • The average score is 10 of 15
Answer Stats
Hint Answer % Correct
Chewbacca's Nick Name Chewy
97%
Luke's Sister Leia
95%
Mentor of Both Luke and Anakin Obi-Wan
95%
Maker of C-3P0 Anakin Skywalker
93%
The Chosen One's Lover/Wife Padme
89%
Father of All Clones Jango Fett
81%
Fighters used by Empire TIE
81%
Order to Eliminate all Jedi Order 66
76%
Commander known for working with Obi-wan Frequently in the Clone Wars Cody
67%
Type of Space Craft Used as Bombers by Rebels Y-Wing
49%
Monsters on Hoth Wampa
47%
Rebels' Base of Operations Yavin 4
40%
Luke contacted who with the force aside from Ben Kenobi and Yoda? Qui-Gonn
30%
Only Sith Lord known to suffer Amnesia during the times of the Old Republic Era (Video Game) Revan
19%
Jet Pack Class for Empire in Battle Front Dark Trooper
7%
No matching quizzes found
Score Distribution
Percent of People with Each Score
Percentile by Number Answered
Your Score History
You have not taken this quiz